Sports Quiz

Random Sports or Christmas Quiz
Score 0/23 Timer 05:00
3 Plays Today
Year - Points Player % Correct
2011 - 37LeBron James
95.7%
2004 - 42Kobe Bryant
92.3%
2007 - 38Kobe Bryant
92.3%
2005 - 37Kobe Bryant
92.3%
2009 - 35Kobe Bryant
92.3%
1992 - 42Michael Jordan
91%
1990 - 37Michael Jordan
91%
2010 - 44Kevin Durant
79.9%
2016 - 36Kevin Durant
79.9%
2006 - 40Dwyane Wade
69%
2018 - 41James Harden
64.1%
1993 - 36Kevin Johnson
58.9%
Year - Points Player % Correct
2011 - 37Carmelo Anthony
54.1%
2019 - 35Kawhi Leonard
53.6%
2002 - 46Tracy McGrady
51.5%
2000 - 43Tracy McGrady
51.5%
2003 - 41Tracy McGrady
51.4%
2018 - 40Kyrie Irving
47.8%
1994 - 36Scottie Pippen
47.4%
1993 - 38Charles Barkley
46.3%
1987 - 45Dominique Wilkins
25.5%
2009 - 41Brandon Roy
10.8%
2010 - 39Monta Ellis
8.7%
Remove Ads.
Support Sporcle.
Get the best of Sporcle when you Go Orange. This ad-free experience offers more features, more stats, and more fun while also helping to support Sporcle. Thank you for becoming a member.

You're not logged in!

Compare scores with friends on all Sporcle quizzes.
OR
Log In

Sporcle TV

Today on Sporcle TV


Watch our educational content, quiz creation guides, and fun videos on Sporcle TV.

Show Comments

Extras

Top Quizzes Today


Score Distribution

Paid Content

Your Account Isn't Verified!

In order to create a playlist on Sporcle, you need to verify the email address you used during registration. Go to your Sporcle Settings to finish the process.

Report this User

Report this user for behavior that violates our Community Guidelines.

Details: